000 00616nam a22002297a 4500
003 UA-OsUOA
001 99714
007 ta
008 20130514b un ||||| |||| 00| 0 ukr d
100 _aТихвинский В.
090 _a821.161.1
_bТ46
942 _cBK
040 _aUA-OsUOA
_brus
_cUA-OsUOA
_dUA-OsUOA
245 _aЦыганский роман
_bтрилогия
300 _a512 с.
955 _a3
041 _arus
080 _a821.161.1
260 _aМ.
_bСов. писатель
_c1989
650 7 _a82 Література. Літературознавство
_2UDC
999 _c385917
_d385917